000 00730nam a2200241Ia 4500
003 OSt
005 20220923212718.0
006 a|||||r|||| 00| 0
007 ta
008 220922b |||||||| |||| 00| 0 hin d
024 _a155,495
037 _cTextual
040 _aARTS
_cARTS
_bhin
041 _2hin
_ahin
082 _aO15,1NPR,1, 152K8(P15)
100 _aप्रभुदत्त
245 0 _aगणपति सम्भवम्
246 _aGaṇapati sambhavam
260 _aनागपुर
_b अर्चना प्रकाशन
_c1968
300 _a293 पृ.
_ccm.
942 _hO15,1NPR,1, 152K8(P15)
_cTEXL
_2CC
999 _c311005
_d311005